书目信息 |
| 题名: |
发现约翰列侬
|
|
| 作者: | 菲利普·诺曼 著 | |
| 分册: | ||
| 出版信息: | 北京东方影音公司出版 |
|
| 页数: | ||
| 开本: | 24cm | |
| 丛书名: | ||
| 单 册: | ||
| 中图分类: | K835.615.76=535 | |
| 科图分类: | ||
| 主题词: | 历史 , 地理 | |
| 电子资源: | ||
| ISBN: | 7-88094-948-8 | |
| 000 | 00586nam0 2200205 450 | |
| 001 | 1737165317 | |
| 005 | 20171221151710.41 | |
| 010 | @a7-88094-948-8@dCNY47.50 | |
| 100 | @a20171220d km y0chiy0120 ea | |
| 101 | 0 | @achi |
| 200 | 1 | @a发现约翰列侬@Afa xian yue han lie nong@f(英) 菲利普·诺曼著@F(ying)fei li pu·nuo man zhu |
| 210 | @c北京东方影音公司出版 | |
| 215 | @d24cm | |
| 300 | @a光盘 | |
| 606 | 0 | @a历史 |
| 606 | 0 | @a地理 |
| 690 | @aK835.615.76=535@v4 | |
| 701 | 0 | @a菲利普·诺曼@Afei li pu·nuo man@4著 |
| 801 | 0 | @aCN@bMUSE@c20171221 |
| 905 | @aMUSE@dK835.615.76=535@eF320 | |
| 发现约翰列侬/(英) 菲利普·诺曼著.-北京东方影音公司出版 |
| 24cm |
| 光盘 |
| ISBN 7-88094-948-8:CNY47.50 |
| ● |
| 相关链接 |
|
|
|
正题名:发现约翰列侬
索取号:K835.615.76=535/F320
 
预约/预借
| 序号 | 登录号 | 条形码 | 馆藏地/架位号 | 状态 | 备注 |
| 1 | 1237479 | 212374795 | 建筑与城市规划学院资料室/ [索取号:K835.615.76=535/F320] | 在馆 |